000 00745cab a2200241 4500
001 ABS57420
008 090401t1997 xxu||||| |||| 00| 0 eng d
035 _a(Sirsi) u80238
041 _aeng
100 _aBrewer, G.
245 2 _aA negligent certification?
260 _c1997
350 _a0
490 _aContract Journal
_v389(6137)6 August 1997, 12(1)
520 _aExamines difficulties in proving a case involving a consultant`s cost certification in "Turner Page Music Ltd v Torres Design Associates".
650 _aCONSULTANTS
650 _aCOST CERTIFICATION
650 _aCost management
_96233
650 _aDEFECTIVE DESIGN
690 _aBUILT ENVIRONMENT-BUILDING CONTRACT FORMS
942 _n0
948 _c13/08/1997
999 _c50507
_d50507